Bài giải đề thi tuyển sinh Đại học khối B 1980-1981 Gồm các đề thi vào các trường Đại học Y dược, Tổng hợp, Nông nghiệp, Sư phạm
Guardat en:
| Autor principal: | |
|---|---|
| Format: | Llibre |
| Idioma: | Undetermined |
| Publicat: |
Tp. HCM
TT Galois
1981
|
| Matèries: | |
| Etiquetes: |
Afegir etiqueta
Sense etiquetes, Sigues el primer a etiquetar aquest registre!
|
| Thư viện lưu trữ: | Trung tâm Học liệu Trường Đại học Cần Thơ |
|---|
| LEADER | 00719nam a2200181Ia 4500 | ||
|---|---|---|---|
| 001 | CTU_1558 | ||
| 008 | 210402s9999 xx 000 0 und d | ||
| 082 | |a 510.076 | ||
| 082 | |b B103 | ||
| 100 | |a Nguyễn Ngọc Dũng | ||
| 245 | 0 | |a Bài giải đề thi tuyển sinh Đại học khối B 1980-1981 | |
| 245 | 0 | |b Gồm các đề thi vào các trường Đại học Y dược, Tổng hợp, Nông nghiệp, Sư phạm | |
| 245 | 0 | |c Nguyễn Ngọc Dũng, Nguyễn Quốc Hưng, Nguyễn Thế Hùng | |
| 260 | |a Tp. HCM | ||
| 260 | |b TT Galois | ||
| 260 | |c 1981 | ||
| 650 | |a mathematics - problems, exercises | ||
| 980 | |a Trung tâm Học liệu Trường Đại học Cần Thơ | ||